Fenolové látky rakytníka rešetliakového
Salvato in:
| Autore principale: | |
|---|---|
| Altri autori: | |
| Natura: | Manoscritto Libro |
| Lingua: | slovacco |
| Pubblicazione: |
2023
|
| Soggetti: | |
| Accesso online: | http://is.stuba.sk/zp/portal_zp.pl?podrobnosti=169949 |
| Tags: |
Nessun Tag, puoi essere il primo ad aggiungerne!!
|
MARC
| LEADER | 00000ntm a22000003a 4500 | ||
|---|---|---|---|
| 001 | stuzp93762 | ||
| 003 | SK-STU | ||
| 005 | 20230909220002.0 | ||
| 007 | ta | ||
| 008 | 150427s2015----xo-----f-mn---000-0-slo-d | ||
| 040 | |a STU |b slo | ||
| 041 | 0 | |a slo | |
| 100 | 1 | |a Čerenková, Claudia |u 040250 |4 aut |U FCHPT Ústav potravinárstva a výživy |T FCHPT Oddelenie potravinárskej technológie |X 116732 |U C0250 |Y 685 |7 116732 | |
| 242 | 0 | 1 | |a Phenolic compounds of sea buckthorn |y eng |
| 245 | 1 | 0 | |a Fenolové látky rakytníka rešetliakového |
| 260 | |c 2023 | ||
| 650 | 4 | |a rakytník rešetliakový |2 slo | |
| 650 | 4 | |a fenolové látky |2 slo | |
| 650 | 4 | |a antioxidačná aktivita |2 slo | |
| 650 | 4 | |a DPPH |2 slo | |
| 650 | 4 | |a sea buckthorn |2 eng | |
| 650 | 4 | |a phenolic compounds |2 eng | |
| 650 | 4 | |a antioxidant activity |2 eng | |
| 650 | 4 | |a DPPH |2 eng | |
| 700 | 1 | |a Kreps, František |u 040250 |k Z1 |4 ths |U FCHPT Ústav potravinárstva a výživy |T FCHPT Oddelenie potravinárskej technológie |X 40487 |U C0250 |Y 685 |7 A000040487 | |
| 856 | 4 | |u http://is.stuba.sk/zp/portal_zp.pl?podrobnosti=169949 | |